Migraciones rurales en Centroamérica

Analiza desde un punto de vista critico el tratamiento que se la le ha dado al tema de las migraciones en Centroamérica - Propone hacer un estudio histórico - estructural de los desplazamientos. Estudia las migraciones en Centro América a partir de las llamadas revoluciones liberales de mediados del...

Descrizione completa

Salvato in:
Dettagli Bibliografici
Ente Autore: CSUCA. Programa Centroamericano de Ciencias Sociales
Natura: testo
Pubblicazione: San José: CSUCA
Tags: Aggiungi Tag
Nessun Tag, puoi essere il primo ad aggiungerne!!

MARC

LEADER 00000 a a2200000 04500
001 20707
003
040
090 |a 087900  
110 |a CSUCA. Programa Centroamericano de Ciencias Sociales  
245 |a Migraciones rurales en Centroamérica  
260 |a San José:   |b CSUCA  
300 |a 28 p  
520 |a Analiza desde un punto de vista critico el tratamiento que se la le ha dado al tema de las migraciones en Centroamérica - Propone hacer un estudio histórico - estructural de los desplazamientos. Estudia las migraciones en Centro América a partir de las llamadas revoluciones liberales de mediados del siglo pasado, cuando se logró imponer la hegemonía del sector cafetalero. Plantea las transformaciones en el campo latinoamericano como un producto de los cambios realizados en la organización social de la producción. Critica la utilización de los censos como indicadores de las migraciones, proponiendo como mejor método la utilización de las teorías de Paul Singer  
999 |c 5228  |d 5228